Представление документа в формате MARC21

Поле Инд. ПП Название Значение
Тип записи a
Библиографический уровень m
001 Контрольный номер RU/IS/BASE/138811090
005 Дата корректировки 20250516153157.8
008 Кодируемые данные 19960208
040 00 e Правила каталог. Л 960208
084 a Индекс другой классификации/Индекс ББК 28.0в623
090 00 a Полочн. индекс 28.0в623
x Авторский знак А 941
097 00 a 230
100 10 a Автор Афанасьев В. Г.
q Полное имя Афанасьев Виктор Григорьевич
245 00 a Заглавие Мир живого: системность, эволюция и управление
260 00 a Место издания Москва
b Издательство Политиздат
c Дата издания 1986
300 00 a Объем 334 с.
336 a Термин вида содержания Текст
337 a Термин типа средства непосредственный
650 a Основная рубрика биология
653 00 a Ключевые слова белки
a Ключевые слова биогеоценозы
a Ключевые слова биологическая информация
a Ключевые слова биологическая эволюция
a Ключевые слова биологические виды
a Ключевые слова биологические системы
a Ключевые слова детерминанты
a Ключевые слова диалектическое единство
a Ключевые слова динамика живых систем
a Ключевые слова ДНК
a Ключевые слова доминанта
a Ключевые слова естественный отбор
a Ключевые слова живое
a Ключевые слова живые системы
a Ключевые слова жизнь
a Ключевые слова закономерности
a Ключевые слова иерархия
a Ключевые слова изменчивость
a Ключевые слова историзм
a Ключевые слова кибернетические системы
a Ключевые слова клетки
a Ключевые слова клеточные мембраны
a Ключевые слова макроэволюция
a Ключевые слова мембраны
a Ключевые слова многоуровневые системы
a Ключевые слова мутации
a Ключевые слова наследственная информация
a Ключевые слова наследственность
a Ключевые слова неживое
a Ключевые слова нервная система
a Ключевые слова нуклеиновые кислоты
a Ключевые слова организмы
a Ключевые слова популяции
a Ключевые слова преемственность
a Ключевые слова проблемные ситуации
a Ключевые слова происхождение жизни
a Ключевые слова протоплазма
a Ключевые слова система "организм-среда"
a Ключевые слова системная сущность жизни
a Ключевые слова системность
a Ключевые слова системный подход
a Ключевые слова системы передачи
a Ключевые слова термодинамика живой системы
a Ключевые слова управление
a Ключевые слова условные рефлексы
a Ключевые слова функциональные системы
a Ключевые слова целесообразность
a Ключевые слова целостность
a Ключевые слова цикличность
a Ключевые слова эволюция
720 a Наименование подборки Животные (насекомые)
901 t Тип документа m
952 a Тип литературы для КСУ ВШ НПИ